Sports Quiz

Random Sports or NCAA Quiz

Winningest NCAA Football Coaches Quiz Stats

 Plays Quiz Updated Jan 5, 2021

     
Support Sporcle.
Go Orange.
Score 0/18 Timer 06:00
1 Play Today
Wins Coach % Correct
409Joe Paterno
91.1%
260*Nick Saban
88.6%
346Bobby Bowden
82.1%
323Paul 'Bear' Bryant
81.8%
228Steve Spurrier
68.5%
253*Mack Brown
64.9%
249Lou Holtz
64.3%
205Woody Hayes
60%
238Frank Beamer
59.4%
Wins Coach % Correct
255Tom Osborne
59%
215Bill Snyder
54.3%
234Bo Schembechler
50.9%
233Hayden Fry
34.6%
257LaVell Edwards
32.4%
201Vince Dooley
31.7%
311Pop Warner
21.3%
282Amos Alonzo Stagg
20.4%
202Don Nehlen
11.8%

From the Vault

Celebrity ALS Ice Bucket Challenge

by Tom007

The ALS Ice Bucket Challenge is the perfect combination of helping to fight a terrible disease and humiliating people on the Internet. Click here to help out!
Remove Ads.
Support Sporcle.
Get the best of Sporcle when you Go Orange. This ad-free experience offers more features, more stats, and more fun while also helping to support Sporcle. Thank you for becoming a member.

Show Comments

Extras

Top Quizzes Today


Score Distribution

Your Account Isn't Verified!

In order to create a playlist on Sporcle, you need to verify the email address you used during registration. Go to your Sporcle Settings to finish the process.

Report this User

Report this user for behavior that violates our Community Guidelines.

Details: